000 00510nam a2200157Ia 4500
008 181130s2018 xx 000 0 und d
100 _aDeshmukh, Neelima
245 _aLooking through lens
_bthe critical analysis and the impact of various pro women policies and safety measures options available in India
260 _c2018
300 _ap.67-76.
504 _dJan-Jun
650 _aWomen
650 _aWomen safety - India
773 _aSouth Asian Journal of Socio-Political Studies
906 _aWomen
999 _c506195
_d506195